Obálka Náhled e-knihy:
Epub
Pro půjčování e-knih musíte být přihlášeni.
Jak si půjčit online?

Svět podle Sison /

Generační román korejské autorky vypráví spletitý příběh 20. století. Hrdinkou je žena, která je velmi hlasitou zastánkyní feminismu, a to hlavně na základě osobních prožitků.

Uloženo v:
Hlavní autor: Čŏng, Se-lang, 1984- (Autor)
Další autoři: Kim, Marie, 1991- (Autor)
Médium: E-kniha
Jazyk:Czech
Vydáno: Praha : Odeon, 2025
Vydání:Vydání první
Edice:Světová knihovna (Odeon)
Témata:
Tagy:
Žádné tagy
LEADER 02878nam a2200469 i 4500
001 297588
003 CZ PrSKC
005 20260416063139.0
007 ta
008 250422s2025 xr g 000 f czeo
015 |a cnb003667046 
020 |a 9788020722737  |q (vázáno) 
035 |a (OCoLC)1523000600 
040 |a ABG001  |b cze  |d ABA001  |e rda 
041 1 |a cze  |h kor 
072 7 |a 821.531  |x Korejská literatura  |2 Konspekt 
080 |a 821.531-31  |2 MRF 
080 |a (0:82-311.6)  |2 MRF 
100 1 |a Čŏng, Se-lang,  |d 1984-  |7 xx0331692  |4 aut 
240 1 0 |a Sisŏnŭloputchŏ.  |l Česky 
245 1 0 |a Svět podle Sison /  |c Čong Serang ; přeložila Marie Kim 
250 |a Vydání první 
264 1 |a Praha :  |b Odeon,  |c 2025 
300 |a 261 stran ;  |c 21 cm 
336 |a text  |b txt  |2 rdacontent 
337 |a bez média  |b n  |2 rdamedia 
338 |a svazek  |b nc  |2 rdacarrier 
490 1 |a Světová knihovna ;  |v svazek 290 
500 |a Přeloženo z korejštiny 
520 2 |a Generační román korejské autorky vypráví spletitý příběh 20. století. Hrdinkou je žena, která je velmi hlasitou zastánkyní feminismu, a to hlavně na základě osobních prožitků.  |b Hrdinka historického románu Sim Sison přijde za korejské války (1950-1953) o rodinu a podaří se jí utéct do Spojených států. Tam je ale zneužita německým malířem a po mnoha peripetiích se vrací na rozdělený poloostrov. Život zasvětí vzdělávání a ženskému aktivismu. Zanechá po sobě rozvětvenou rodinu a neobvyklé přání - aby po její smrti potomci nepořádali tradiční česa, konfuciánský obřad k uctění předků. Nejstarší dcera se však po deseti letech od Sisoniny smrti rozhodne svolat celou rodinu na Havaj, kde Sison kdysi krátce pobývala, aby jí obřad vystrojila. Sison představuje zástupkyni poválečné generace korejských žen, které volily riskantní cestu ze země rozvrácené válkou - emigraci na vlastní pěst. Jejich životní zkušenost byla často v rozporu s tradiční morálkou, a to jim následně ztěžovalo návrat do společnosti. Nakladatelská anotace. Kráceno. 
655 7 |a korejské romány  |7 fd132680  |2 czenas 
655 7 |a historické romány  |7 fd132414  |2 czenas 
655 9 |a Korean fiction  |2 eczenas 
655 9 |a historical novels  |2 eczenas 
700 1 |a Kim, Marie,  |d 1991-  |7 jo2018995079  |4 trl 
830 0 |a Světová knihovna (Odeon) 
900 |a ABA001  |b 20 
928 9 |a Euromedia Group - Odeon 
044 |a xr 
910 |a RBIT002 
998 |d 418045  |a https://core.palmknihy.cz/api/books/418045/cover?stsdud  |b https://core.palmknihy.cz/api/books/418045/cover/400?stsdud  |c https://core.palmknihy.cz/api/books/418045/cover/50?stsdud  |e 2027-12-31  |g 272  |i 9788020722737  |j https://core.palmknihy.cz/api/books/418045/preview.epub  |l   |q 49  |r 1  |s https://www.palmknihy.cz/kniha/418045  |t ebook  |y 2025  |z 0 
999 |d 297586